000 00801nam a2200241Ia 4500
003 OSt
005 20220926022340.0
006 a|||||r|||| 00| 0
007 ta
008 220923b |||||||| |||| 00| 0 eng d
037 _cGeneral Book
040 _aRTL
_cRTL
_beng
041 _2eng
_aeng
082 _aT4.461.N9, N8
100 _aQasem Subhi
_9327659
245 0 _aHigher education systems in the Arab states
_b Devel
260 _aNew York
_bUnited Nations U S A
_c1998
300 _a196p.
_ccm.
490 _aUnited nations economic and Social Commisison for Western Asia Publication. United Nations Educational Scientific and Cultural Organiztion
650 _aUniversity Education
942 _hT4.461.N9, N8
_cGB
_2CC
999 _c639249
_d639249